Normal view
MARC view
Entry Topical Term
001 - CONTROL NUMBER
- control field: 1525
003 - CONTROL NUMBER IDENTIFIER
- control field: dpl
005 - DATE AND TIME OF LATEST TRANSACTION
- control field: 20100726151337.0
008 - FIXED-LENGTH DATA ELEMENTS
- fixed length control field: 100726|||a|||||| | ||| d
040 ## - CATALOGING SOURCE
- Original cataloging agency: dpl
- Transcribing agency: dpl
150 ## - HEADING--TOPICAL TERM
- Topical term or geographic name as entry element: दर्शन, भारतीय
- General subdivision: शब्दकोश
670 ## - SOURCE DATA FOUND
- Source citation: Work cat.: (dpl)34014: महला, नरेन्द्र सिंह 1524, भारतीय दर्शन शब्द कोश /, 2007
670 ## - SOURCE DATA FOUND
- Source citation: Work cat.: (dpl)34014: महला, नरेन्द्र सिंह 1524, भारतीय दर्शन शब्द कोश /, 2007
